000 00371nam a2200145Ia 4500
005 20250425080156.0
008 240331s9999 xx 000 0 und d
082 _a294.5
_bPAT
245 0 _aPattinattar padalkal
260 _aChennai
_bManikavaasakar Pathippagam
_c1993
300 _a153 p .,
500 _aPatinathaar Padalakal
700 _aMeiappan,S.
_eedt
942 _cL
999 _c957
_d957